000 00865nam a2200205 i 4500
001 189584
003 ES-MaACL
005 20230906223516.0
007 t|
008 190624s1952 sp r ||||1| spa d
100 1 _aEcheverría Ballarín, Ignacio.
_946583
245 1 0 _aEucalyptus globulus
_b: estudio de las leyes de crecimiento en la zona forestal de Huelva del Patrimonio Forestal del Estado /
_cpor Ignacio Echeverría.
260 _aMadrid :
_bInstituto Forestal de Investigaciones y Experiencias,
_c1952.
300 _a39 p. :
_bil. ;
_c24 cm.
490 1 _aInstituto Forestal de Investigaciones y Experiencias ;
_vAño XXIII nº 62
650 4 _aEucalipto blanco-
_zHuelva (Provincia)
_9167393
830 0 _aInstituto Forestal de Investigaciones y Experiencias ;
_vAño XXIII nº 62
_9181435
852 _aES-MaACL
_jP-569-Bis-49
999 _c189584
_d189584